| 000 | 00957nas a2200289 4500 | ||
|---|---|---|---|
| 001 | BR2014000234 | ||
| 003 | BR-BrBNA | ||
| 005 | 20231205123602.0 | ||
| 007 | ta | ||
| 008 | 230509b bl.|||p| |||| 00| 00por d | ||
| 040 |
_aBR-BrBNA _bpor _cBiblioteca Nacional de Agricultura |
||
| 041 | _a(Pt) | ||
| 072 | _aP33; F08; P35 | ||
| 100 | 1 | _aLeite, L.F.C. | |
| 100 | 1 | _aArruda, L.F.P. de | |
| 100 | 1 | _aCosta, C. do N. | |
| 100 | 1 | _aFerreira, da S. | |
| 100 | 1 | _aHolanda Neto, M.R. | |
| 245 | 1 | _aQualidade química do solo e dinâmica de carbono sob monocultivo e consórcio de macaúba e pastagem | |
| 650 | _aPLANTA OLEAGINOSA | ||
| 650 | _aDISPONIBILIDADE DE NUTRIENTE | ||
| 650 | _aFERTILIDADE DO SOLO | ||
| 650 | _aBIOMASSA | ||
| 773 | 0 |
_tRevista Brasileira de Engenharia Agrícola e Ambiental (Brazil) _xISSN 1415-4366 _g(Dec 2013), v. 17(12) p. 1257-1263 _wBR2014000234 |
|
| 909 |
_a202311 _bLúcia _c55 _dLúcia Elande |
||
| 942 |
_2AGRIS _n0 _cANA |
||
| 999 |
_c234644 _d234644 |
||